LEADER 01575nam0 22004213i 450 001 NAP0784702 005 20251003044258.0 010 $a9781461427513 100 $a20171218d2010 ||||0itac50 ba 101 | $aeng 102 $aus 181 1$6z01$ai $bxxxe 182 1$6z01$an 183 1$6z01$anc$2RDAcarrier 200 1 $aPhysical activity, dietary calorie restriction, and cancer$fAnne McTiernan, editor 210 $aNew York$cSpringer$d2010 215 $aVIII, 186 p.$d24 cm 225 | $aEnergy balance and cancer$fNathan A. Berger $v3 410 0$1001NAP0784710$12001 $aEnergy balance and cancer$fNathan A. Berger $v3 606 $aObesità$2FIR$3CFIC012576$9E 606 $aCalorie$2FIR$3CFIC063229$9I 606 $aCancro$2FIR$3CFIC009492$9E 676 $a616.99$9MALATTIE. TUMORI E MALATTIE CONTAGIOSE VARIE.$v22 696 $aGrandi calorie$aCalorie alimentari$aKilocalorie 696 $aTumori maligni 699 $aCalorie$yGrandi calorie 699 $aCalorie$yCalorie alimentari 699 $aCalorie$yKilocalorie 699 $aCancro$zTumori maligni 702 1$aMcTiernan$b, Anne$3NAPV193619$4340 801 3$aIT$bIT-000000$c20171218 850 $aIT-BN0095 901 $bNAP 01$cSALA $n$ 912 $aNAP0784702 950 0$aBiblioteca Centralizzata di Ateneo$c1 v.$d 01SALA 616.99 PHY(3$e 0104 0000025895 VMA 1 v.$fY $h20171218$i20171218 977 $a 01 996 $aPhysical activity, dietary calorie restriction, and cancer$91495434 997 $aUNISANNIO